000 00530nam a2200193Ia 4500
005 20230318094150.0
008 131103s9999 xx 000 0 und d
040 _aLoreto College
041 _aEnglish
082 _a891.44
_bSEN
100 _aSengupta, Subodhchandra
245 _aBangls samalochona parichat
_cSubodhchandra Sengupta
260 _aCalcutta
_bA. Mukherjee & Co
_c1970
300 _a364p
504 _aInclude index
650 _aBengali Literature - History and Criticism
850 _aLCLIB
942 _cBK
999 _c20489
_d70968